Zufällige Hauptstädte Südamerikas - Statistiken

Allgemein
  • Dieses Quiz wurde 108 mal gespielt
  • Das Durchschnittsergebnis liegt bei 4 aus 5
Antworten auf der Karte
Die Antworten werden auf der Karte rot bzw. grün angezeigt, abhängig davon wie oft sie richtig erraten wurden.
 
Antwortstatistiken
Antwort % Korrekt
Brasilia
100%
Lima
100%
Quito
100%
Bogota
87%
Georgetown
84%
Montevideo
83%
Asuncion
81%
Sucre
81%
Santiago de Chile
80%
Buenos Aires
78%
Paramaribo
74%
Carascas
7%
Keine übereinstimmenden Quizze gefunden
Verteilung der Resultate
Anzahl Personen mit jedem Resultat
Perzentil nach korrekt beantworteten Fragen
Ihre Resultats-Entwicklung
Sie haben dieses Quiz noch nicht gespielt